000 01116nam a2200301 i 4500
001 180782
003 ES-MaACL
005 20250824043133.0
008 120711s2009 sp a |||| |dspa d
020 _a978-84-8382-805-2
080 _a792(729.1 H.)"17"
080 _a725.821(729.1 H.)(091)
100 1 _aHernández González, Manuel.
_962950
245 1 3 _aEl primer teatro de La Habana
_b: el Coliseo (1775-1793) /
_cManuel Hernández González.
250 _a1ª ed. en Ediciones Idea.
260 _aSanta Cruz de Tenerife ;
_aLas Palmas de Gran Canaria :
_bIdea,
_c2009.
300 _a308 p. :
_bplano ;
_c19 cm.
490 1 _aEstudios Hispánicos
500 _aApéndices: p. 243-303.
504 _aBibliografía: p. 236-242.
610 2 7 _aGran Teatro de La Habana
_2
_9150935
650 7 _aTeatro-
_zCuba.
_917312
830 0 _aEstudios Hispánicos
_9224647
852 _aES-MaACL
_jA-12143
_9187686
_bR.146560
_cDEPO1
_dOlim: N-5148
_xDonación: Manuel Hernández González
903 _962950
_aHernández González, Manuel
_ednr
942 _2udc
_cMONOGRAFIA
999 _c180782
_d180782